<?xml version="1.0" encoding="UTF-8"?>
<record
    xmlns:xsi="http://www.w3.org/2001/XMLSchema-instance"
    xsi:schemaLocation="http://www.loc.gov/MARC21/slim http://www.loc.gov/standards/marcxml/schema/MARC21slim.xsd"
    xmlns="http://www.loc.gov/MARC21/slim">

  <leader>03003nam a2200529 a 4500</leader>
  <controlfield tag="001">Z_6127</controlfield>
  <controlfield tag="003">CHAP</controlfield>
  <controlfield tag="005">20250609094359.0</controlfield>
  <controlfield tag="007">ta</controlfield>
  <controlfield tag="008">220601s2010    mx a   fr     001 0 spa d</controlfield>
  <datafield tag="020" ind1=" " ind2=" ">
    <subfield code="a">978-607-17-0411-5</subfield>
  </datafield>
  <datafield tag="040" ind1=" " ind2=" ">
    <subfield code="a">Z</subfield>
    <subfield code="c">CHAP</subfield>
    <subfield code="e">rda</subfield>
  </datafield>
  <datafield tag="041" ind1="0" ind2=" ">
    <subfield code="b">Espa&#xF1;ol</subfield>
    <subfield code="f">Espa&#xF1;ol</subfield>
  </datafield>
  <datafield tag="082" ind1=" " ind2=" ">
    <subfield code="a">636.9 </subfield>
    <subfield code="b">C66 2010</subfield>
    <subfield code="2">20</subfield>
  </datafield>
  <datafield tag="100" ind1="1" ind2=" ">
    <subfield code="a">Castellanos Echeverr&#xED;a, A. Fern&#xE1;n </subfield>
    <subfield code="9">143185</subfield>
    <subfield code="e">autor</subfield>
  </datafield>
  <datafield tag="245" ind1="0" ind2="0">
    <subfield code="a">Conejos /</subfield>
    <subfield code="c">basado en los trabajos de A. Fern&#xE1;n Castellanos Echeverr&#xED;a; colaborador F. R. Kirchner Salinas, C. R. Usami Olmos, N. Paul&#xED;n Torres, E. L&#xF3;pez Gonz&#xE1;lez, G. Sol&#xED;s Carbajal y R. &#xC1;valos Mora; revisi&#xF3;n Johan D. Berlijn y F. Orozco Luna</subfield>
  </datafield>
  <datafield tag="250" ind1=" " ind2=" ">
    <subfield code="a">Cuarta edici&#xF3;n</subfield>
    <subfield code="b">(reimpresi&#xF3;n 2014) </subfield>
  </datafield>
  <datafield tag="264" ind1=" " ind2="1">
    <subfield code="a">M&#xE9;xico D. F. :</subfield>
    <subfield code="b">Trillas,</subfield>
    <subfield code="c">2010</subfield>
  </datafield>
  <datafield tag="300" ind1=" " ind2=" ">
    <subfield code="a">119 p&#xE1;ginas :</subfield>
    <subfield code="b">ilustraciones</subfield>
  </datafield>
  <datafield tag="336" ind1=" " ind2=" ">
    <subfield code="2">rdacontent</subfield>
    <subfield code="a">texto</subfield>
    <subfield code="b">txt</subfield>
  </datafield>
  <datafield tag="337" ind1=" " ind2=" ">
    <subfield code="2">rdamedia</subfield>
    <subfield code="a">sin medio</subfield>
    <subfield code="b">n</subfield>
  </datafield>
  <datafield tag="338" ind1=" " ind2=" ">
    <subfield code="2">rdacarrier</subfield>
    <subfield code="a">volumen</subfield>
    <subfield code="b">nc</subfield>
  </datafield>
  <datafield tag="490" ind1="1" ind2=" ">
    <subfield code="a">Manuales para educaci&#xF3;n agropecuaria. &#xC1;rea producci&#xF3;n animal (Trillas)</subfield>
  </datafield>
  <datafield tag="500" ind1=" " ind2=" ">
    <subfield code="a">ej.1 - ej.4: C/E \ ej.5: Reposici&#xF3;n \ ej.6 - ej.7: S/N (sin sellos)</subfield>
  </datafield>
  <datafield tag="504" ind1="0" ind2=" ">
    <subfield code="a">Bibliograf&#xED;a: p&#xE1;gina 119</subfield>
  </datafield>
  <datafield tag="505" ind1=" " ind2=" ">
    <subfield code="a">Pr&#xF3;logo -- Advertencia -- 1. Introducci&#xF3;n -- 2. El animal -- 3. Razas -- 4. Alojamientos y dep&#xF3;sitos -- 5.  Equipos -- 6. Alimentaci&#xF3;n -- 7. Reproducci&#xF3;n -- 8. Manejo -- 9. Enfermedades y trastornos -- 10. Mejoramiento -- Direcciones electr&#xF3;nicas.</subfield>
  </datafield>
  <datafield tag="520" ind1=" " ind2=" ">
    <subfield code="a">Debido a que la alimentaci&#xF3;n del conejo es a base de vegetales no aptos para el consumo humano, la explotaci&#xF3;n de este animal es muy recomendable en zonas donde escasean los cereales, tambi&#xE9;n en terrenos inapropiados para la cr&#xED;a de otras especies. Este manual expone el proceso de cunicultura a los estudiantes y personas que deseen dedicarse en granjas o en casa a la cr&#xED;a y engorda de conejos par a venta de subproductos. Los m&#xE9;todos m&#xE1;s adecuados para la reproducci&#xF3;n, cr&#xED;a y manejo del conejo se explican en forma sencilla e ilustrada en este volumen del &#xE1;rea producci&#xF3;n animal.</subfield>
  </datafield>
  <datafield tag="650" ind1="1" ind2="3">
    <subfield code="a">Conejos</subfield>
    <subfield code="9">26352</subfield>
  </datafield>
  <datafield tag="650" ind1="1" ind2="3">
    <subfield code="a">Animales de cr&#xED;a</subfield>
    <subfield code="9">142918</subfield>
  </datafield>
  <datafield tag="650" ind1="1" ind2="3">
    <subfield code="a">Razas de conejos</subfield>
    <subfield code="9">190404</subfield>
  </datafield>
  <datafield tag="650" ind1="1" ind2="3">
    <subfield code="a">Conejos</subfield>
    <subfield code="9">26352</subfield>
    <subfield code="x">Alimentos y alimentaci&#xF3;n</subfield>
  </datafield>
  <datafield tag="650" ind1="1" ind2="3">
    <subfield code="a">Alojamiento de animales</subfield>
    <subfield code="9">189100</subfield>
  </datafield>
  <datafield tag="700" ind1="1" ind2=" ">
    <subfield code="a">Castellanos Echeverr&#xED;a, A. Fern&#xE1;n </subfield>
    <subfield code="9">143185</subfield>
    <subfield code="e">autor</subfield>
  </datafield>
  <datafield tag="700" ind1="1" ind2=" ">
    <subfield code="a">Salinas, Kirchner F. R.</subfield>
    <subfield code="e">colaborador</subfield>
    <subfield code="9">151555</subfield>
  </datafield>
  <datafield tag="700" ind1="1" ind2=" ">
    <subfield code="a">Olmos, Usami C. R.</subfield>
    <subfield code="9">187561</subfield>
    <subfield code="e">colaborador</subfield>
  </datafield>
  <datafield tag="700" ind1="1" ind2=" ">
    <subfield code="a">Torres, Paul&#xED;n N.</subfield>
    <subfield code="9">187525</subfield>
    <subfield code="e">colaborador</subfield>
  </datafield>
  <datafield tag="700" ind1="1" ind2=" ">
    <subfield code="a">Lopez Gonz&#xE1;lez, E.</subfield>
    <subfield code="9">187522</subfield>
    <subfield code="e">colaborador</subfield>
  </datafield>
  <datafield tag="700" ind1="1" ind2=" ">
    <subfield code="a">Sol&#xED;s Carbajal, G.</subfield>
    <subfield code="e">colaborador</subfield>
    <subfield code="9">151837</subfield>
  </datafield>
  <datafield tag="700" ind1="1" ind2=" ">
    <subfield code="a">&#xC1;valos Mora, R.</subfield>
    <subfield code="e">colaborador</subfield>
    <subfield code="9">190312</subfield>
  </datafield>
  <datafield tag="700" ind1="1" ind2=" ">
    <subfield code="a">Berlijn, Johan D.</subfield>
    <subfield code="e">revisi&#xF3;n</subfield>
    <subfield code="9">11826</subfield>
  </datafield>
  <datafield tag="700" ind1="1" ind2=" ">
    <subfield code="a">Orozco Luna, F.</subfield>
    <subfield code="e">revisi&#xF3;n</subfield>
    <subfield code="9">83683</subfield>
  </datafield>
  <datafield tag="830" ind1=" " ind2=" ">
    <subfield code="a">Manuales para educaci&#xF3;n agropecuaria. &#xC1;rea producci&#xF3;n animal (Trillas)</subfield>
    <subfield code="9">70694</subfield>
  </datafield>
  <datafield tag="901" ind1=" " ind2=" ">
    <subfield code="a">636.9 C66 2010</subfield>
  </datafield>
  <datafield tag="902" ind1=" " ind2=" ">
    <subfield code="a">M</subfield>
  </datafield>
  <datafield tag="905" ind1=" " ind2=" ">
    <subfield code="a">5032272010                          mx an  8000000300spa00</subfield>
  </datafield>
  <datafield tag="942" ind1=" " ind2=" ">
    <subfield code="2">ddc</subfield>
    <subfield code="c">LIBRO</subfield>
  </datafield>
  <datafield tag="999" ind1=" " ind2=" ">
    <subfield code="c">217001</subfield>
    <subfield code="d">217001</subfield>
  </datafield>
  <datafield tag="952" ind1=" " ind2=" ">
    <subfield code="0">0</subfield>
    <subfield code="1">0</subfield>
    <subfield code="2">ddc</subfield>
    <subfield code="4">0</subfield>
    <subfield code="5">5</subfield>
    <subfield code="7">0</subfield>
    <subfield code="8">GRAL</subfield>
    <subfield code="a">Z</subfield>
    <subfield code="b">Z</subfield>
    <subfield code="d">2012-06-22</subfield>
    <subfield code="e">Reposici&#xF3;n</subfield>
    <subfield code="i">S/N</subfield>
    <subfield code="l">1</subfield>
    <subfield code="o">636.9 C66 2010</subfield>
    <subfield code="p">5102004468</subfield>
    <subfield code="r">2025-05-12 19:58:39</subfield>
    <subfield code="s">2025-04-28</subfield>
    <subfield code="t">Ej.5</subfield>
    <subfield code="w">2022-06-02</subfield>
    <subfield code="y">LIBRO</subfield>
  </datafield>
  <datafield tag="952" ind1=" " ind2=" ">
    <subfield code="0">0</subfield>
    <subfield code="1">0</subfield>
    <subfield code="2">ddc</subfield>
    <subfield code="4">0</subfield>
    <subfield code="5">1</subfield>
    <subfield code="7">0</subfield>
    <subfield code="8">GRAL</subfield>
    <subfield code="a">Z</subfield>
    <subfield code="b">Z</subfield>
    <subfield code="d">2011-11-24</subfield>
    <subfield code="e">Compra</subfield>
    <subfield code="i">C/E</subfield>
    <subfield code="l">1</subfield>
    <subfield code="o">636.9 C66 2010</subfield>
    <subfield code="p">5102002730</subfield>
    <subfield code="r">2024-11-06 18:03:55</subfield>
    <subfield code="s">2024-11-06</subfield>
    <subfield code="t">Ej.1</subfield>
    <subfield code="w">2022-06-02</subfield>
    <subfield code="y">LIBRO</subfield>
  </datafield>
  <datafield tag="952" ind1=" " ind2=" ">
    <subfield code="0">0</subfield>
    <subfield code="1">0</subfield>
    <subfield code="2">ddc</subfield>
    <subfield code="4">0</subfield>
    <subfield code="5">5</subfield>
    <subfield code="7">0</subfield>
    <subfield code="8">GRAL</subfield>
    <subfield code="a">Z</subfield>
    <subfield code="b">Z</subfield>
    <subfield code="d">2011-11-24</subfield>
    <subfield code="e">Compra</subfield>
    <subfield code="i">C/E</subfield>
    <subfield code="l">1</subfield>
    <subfield code="o">636.9 C66 2010</subfield>
    <subfield code="p">5102002731</subfield>
    <subfield code="r">2023-03-29 00:00:00</subfield>
    <subfield code="s">2023-03-29</subfield>
    <subfield code="t">Ej.2</subfield>
    <subfield code="w">2022-06-02</subfield>
    <subfield code="y">LIBRO</subfield>
  </datafield>
  <datafield tag="952" ind1=" " ind2=" ">
    <subfield code="0">0</subfield>
    <subfield code="1">0</subfield>
    <subfield code="2">ddc</subfield>
    <subfield code="4">0</subfield>
    <subfield code="5">5</subfield>
    <subfield code="7">0</subfield>
    <subfield code="8">GRAL</subfield>
    <subfield code="a">Z</subfield>
    <subfield code="b">Z</subfield>
    <subfield code="d">2011-11-24</subfield>
    <subfield code="e">Compra</subfield>
    <subfield code="i">C/E</subfield>
    <subfield code="l">1</subfield>
    <subfield code="o">636.9 C66 2010</subfield>
    <subfield code="p">5102002732</subfield>
    <subfield code="r">2025-02-28 17:10:24</subfield>
    <subfield code="s">2025-02-28</subfield>
    <subfield code="t">Ej.3</subfield>
    <subfield code="w">2022-06-02</subfield>
    <subfield code="y">LIBRO</subfield>
  </datafield>
  <datafield tag="952" ind1=" " ind2=" ">
    <subfield code="0">0</subfield>
    <subfield code="1">0</subfield>
    <subfield code="2">ddc</subfield>
    <subfield code="4">0</subfield>
    <subfield code="5">5</subfield>
    <subfield code="7">0</subfield>
    <subfield code="8">GRAL</subfield>
    <subfield code="a">Z</subfield>
    <subfield code="b">Z</subfield>
    <subfield code="d">2011-11-24</subfield>
    <subfield code="e">Compra</subfield>
    <subfield code="i">C/E</subfield>
    <subfield code="l">2</subfield>
    <subfield code="o">636.9 C66 2010</subfield>
    <subfield code="p">5102002733</subfield>
    <subfield code="r">2023-11-29 00:00:00</subfield>
    <subfield code="s">2023-11-29</subfield>
    <subfield code="t">Ej.4</subfield>
    <subfield code="w">2022-06-02</subfield>
    <subfield code="y">LIBRO</subfield>
  </datafield>
  <datafield tag="952" ind1=" " ind2=" ">
    <subfield code="0">0</subfield>
    <subfield code="1">0</subfield>
    <subfield code="2">ddc</subfield>
    <subfield code="4">0</subfield>
    <subfield code="5">1</subfield>
    <subfield code="7">0</subfield>
    <subfield code="8">GRAL</subfield>
    <subfield code="a">Z</subfield>
    <subfield code="b">Z</subfield>
    <subfield code="d">2020-12-10</subfield>
    <subfield code="e">Compra Directa Factura No. BF7ADFFB651D</subfield>
    <subfield code="i">S/N</subfield>
    <subfield code="l">0</subfield>
    <subfield code="o">636.9 C66 2010</subfield>
    <subfield code="p">5102007554</subfield>
    <subfield code="r">2025-03-26 16:21:04</subfield>
    <subfield code="t">Ej.6</subfield>
    <subfield code="w">2025-03-26</subfield>
    <subfield code="y">LIBRO</subfield>
  </datafield>
  <datafield tag="952" ind1=" " ind2=" ">
    <subfield code="0">0</subfield>
    <subfield code="1">0</subfield>
    <subfield code="2">ddc</subfield>
    <subfield code="4">0</subfield>
    <subfield code="5">1</subfield>
    <subfield code="7">0</subfield>
    <subfield code="8">GRAL</subfield>
    <subfield code="a">Z</subfield>
    <subfield code="b">Z</subfield>
    <subfield code="d">2020-12-10</subfield>
    <subfield code="e">Compra Directa Factura No. BF7ADFFB651D</subfield>
    <subfield code="i">S/N</subfield>
    <subfield code="l">0</subfield>
    <subfield code="o">636.9  C66 2010</subfield>
    <subfield code="p">5102007555</subfield>
    <subfield code="r">2025-05-06 11:13:13</subfield>
    <subfield code="t">Ej.7</subfield>
    <subfield code="w">2025-05-06</subfield>
    <subfield code="y">LIBRO</subfield>
  </datafield>
</record>
